[Event "Tourn. n8089"]
[Site "www.chess-mail.com"]
[Date "2015.07.28"]
[Round "1"]
[White "Aperturaf"]
[Black "E4player"]
[WhiteElo "2410"]
[BlackElo "2410"]
[Result "0-1"]
[Round "1"]
1.e4 d5
2.exd5 Ng8f6
3.d4 Bc8g4
4.f3 Bg4f5
5.g4 Bf5g6
6.c4 e6
7.g5 Nf6d7
8.Qd1b3 Nd7b6
9.Nb1c3 c5
10.Bc1e3 cxd4
11.Be3xd4 Nb8d7
12.Ng1h3 e5
13.Bd4e3 Ra8c8
14.Nh3f2 Nd7c5
15.Qb3d1 Nc5d7
16.b3 Bf8b4
17.Ra1c1 f5
18.h4 Bg6h5
19.Bf1e2 a6
20.O-O O-O
21.Be3d2 Bb4a3
22.Rc1b1 Ba3b4
23.Kg2 Qd8e7
24.Qd1c2 Bb4d6
25.Nf2d3 Bh5g6
26.a4 Nd7c5
27.Nd3xc5 Bd6xc5
28.a5 Nb6d7
29.Nc3a4 Bc5d4
30.Rb1e1 Bg6f7
31.Be2d3 g6
32.Qc2b1 Qe7a3
33.Re1e2 Rf8e8
34.Rf1h1 Bd4a7
35.h5 Qa3f8
36.hxg6 Bf7xg6
37.Rh1h4 Ba7b8
38.Na4b6 Nd7xb6
39.axb6 Qf8d6
40.Qb1e1 Qd6d7
41.Bd2b4 Qd7d8
42.Qe1d2 Qd8xb6
43.Re2e1 Bb8d6
44.Bb4a5 Qb6a7
45.Qd2c2 Re8f8
46.Ba5c3 Rc8e8
47.Bc3a1 Rf8f7
48.f4 e4
49.Bd3e2 Qa7e3
50.Qc2c3 Qe3xc3
51.Ba1xc3 Kf8
52.b4 b6
53.Re1a1 Re8a8
54.Bc3d4 Bd6xb4
55.Bd4xb6 Rf7d7
56.Bb6d4 a5
57.Ra1b1 Ra8c8
58.Bd4e5 Ke8
59.Rb1a1 Rd7a7
60.Ra1a4 Ra7e7
61.Rh4h1 Re7xe5
62.fxe5 f4
63.Kf2 Bb4c5
 { time }
0-1

[Event "Tourn. n8220"]
[Site "www.chess-mail.com"]
[Date "2015.07.28"]
[Round "1"]
[White "Francesco"]
[Black "Generalfree"]
[WhiteElo "2080"]
[BlackElo "1800"]
[Result "0-1"]
[Round "1"]
1.e4 e5
2.Ng1f3 Nb8c6
3.Bf1b5 Qd8f6
4.O-O a6
5.Bb5a4 b5
6.Ba4b3 Bf8c5
7.Nb1c3 Nc6d4
8.Nf3xd4 Bc5xd4
9.d3 c6
10.Kh1 Bd4xc3
11.bxc3 Bc8b7
12.f4 Ng8e7
13.fxe5 Qf6xe5
14.Rf1xf7 Qe5xc3
15.Ra1b1 d5
16.Bc1b2 Qc3b4
17.Rf7xg7 dxe4
18.Qd1h5 Kd7
19.Rg7xh7 Rh8xh7
20.Qh5xh7 exd3
21.Qh7xd3 Ne7d5
22.Qd3h7 Nd5e7
23.Qh7h3 Kc7
24.Bb2e5 Kb6
25.Qh3e3 c5
26.Be5d6 Ne7d5
27.Qe3h6 Ka5
28.Qh6g7 Ra8e8
29.Bd6c7 Nd5b6
30.c3 Qb4e4
31.Bc7xb6 Kxb6
32.Qg7f6 Bb7c6
33.a4 Qe4xg2

0-1

[Event "Tourn. n8205"]
[Site "www.chess-mail.com"]
[Date "2015.07.28"]
[Round "1"]
[White "Seger"]
[Black "Szustan"]
[WhiteElo "2670"]
[BlackElo "2590"]
[Result "1/2-1/2"]
[Round "1"]
1.d4 d5
2.c4 dxc4
3.e3 e6
4.Bf1xc4 c5
5.Ng1f3 Ng8f6
6.O-O a6
7.a4 Nb8c6
8.dxc5 Bc8d7
9.b3 Bf8xc5
10.Nb1d2 O-O
11.Bc1b2 Ra8c8
12.Ra1c1 Bc5b4
13.Bc4d3 Nf6d5
14.Nd2c4 Bd7e8
15.Nf3d4 Nc6xd4
16.Bb2xd4 f6
17.Qd1f3 Qd8e7
18.e4 Nd5c7
19.e5 Rc8d8
20.Bd4b6 Rd8d7
21.Qf3xb7 Rd7xd3
22.Bb6xc7 Rd3xb3
23.Qb7b6 Be8xa4
24.Qb6xa6 Qe7e8
25.exf6 gxf6
26.Rf1d1 Rb3c3
27.Rc1xc3 Bb4xc3
28.Rd1d3 Ba4b5
29.Qa6d6 Bb5xc4
30.Rd3xc3 Bc4d5
31.Bc7b6 Rf8f7
32.Rc3g3 Rf7g7
33.Bb6d4 Rg7xg3
34.hxg3 Kg7
35.g4 h6
36.Kh2 Qe8f7
37.f3 e5
38.Bd4e3 Qf7e6
39.Qd6c7 Kg6
40.Kg1 e4
41.Qc7f4 exf3
42.gxf3 Kf7
43.Kf2 Qe6c6
44.Kg3 Bd5xf3
{ draw }
1/2-1/2

[Event "Match"]
[Site "www.echecsemail.com"]
[Date "2015.07.28"]
[Round "1"]
[White "Ditto"]
[Black "Johndyson"]
[WhiteElo "1820"]
[BlackElo "2390"]
[Result "0-1"]
[Round "1"]
1.d4 d5
2.Ng1f3 Ng8f6
3.Bc1g5 Nf6e4
4.Bg5f4 c5
5.c4 cxd4
6.Nf3xd4 e5
7.Bf4xe5 Bf8b4
8.Nb1d2 Bb4xd2
9.Qd1xd2 Ne4xd2
10.Kxd2 dxc4
 { time }
0-1

[Event "Match"]
[Site "www.echecsemail.com"]
[Date "2015.07.28"]
[Round "1"]
[White "Gmscalpel"]
[Black "Mdesouza"]
[WhiteElo "1809"]
[BlackElo "2210"]
[Result "1-0"]
[Round "1"]
1.e4 d6
2.d4 Ng8f6
3.Nb1c3 g6
4.Ng1f3 Bc8g4
5.h3 Bg4xf3
6.Qd1xf3 e5
7.Bc1g5 Bf8g7
8.Nc3d5 Nb8d7
9.dxe5 dxe5
10.Ra1d1 h6
11.Nd5xf6 Bg7xf6
12.Rd1xd7 Qd8xd7
13.Bg5xf6 O-O
14.Bf6xe5 Ra8d8
15.Bf1d3 Qd7e6
16.Qf3f6 Qe6xf6
17.Be5xf6 Rd8d6
18.Bf6e7 { resign }
1-0

[Event "Match"]
[Site "www.echecsemail.com"]
[Date "2015.07.28"]
[Round "1"]
[White "Aperturaf"]
[Black "Eman85"]
[WhiteElo "2440"]
[BlackElo "2220"]
[Result "0-1"]
[Round "1"]
1.e4 e5
2.f4 exf4
3.Ng1f3 Nb8c6
4.d4 f5
5.exf5 d5
6.Bc1xf4 Bc8xf5
7.Bf1d3 Bf8b4
8.c3 Bf5xd3
9.Qd1xd3 Bb4d6
10.Bf4xd6 Qd8xd6
11.O-O Ng8e7
 { time }
0-1

[Event "Match"]
[Site "www.echecsemail.com"]
[Date "2015.07.28"]
[Round "1"]
[White "Raulazo"]
[Black "Hundegana"]
[WhiteElo "1889"]
[BlackElo "1950"]
[Result "0-1"]
[Round "1"]
1.e4 c5
2.Bf1c4 e6
3.Ng1f3 d6
4.d4 a6
5.Nf3g5 h6
6.Ng5xf7 Kxf7
7.Qd1f3 Qd8f6
8.Qf3h5 g6
9.Qh5h3 Kg7
10.O-O b5
11.Bc4e2 Qf6xd4
12.Qh3f3 Ra8a7
13.Rf1d1 Qd4f6
14.Qf3g3 Ra7f7
15.Be2f3 e5
16.b3 h5
17.Bc1g5 Qf6e6
18.Nb1c3 Bc8b7
19.Nc3e2 Bf8e7
20.Bg5e3 Ng8f6
21.Be3g5 Bb7xe4
22.Bg5xf6 Rf7xf6
23.Bf3xe4 Qe6g4
24.Qg3e3 Rh8f8
25.Rd1f1 Nb8d7
26.h3 Qg4e6
27.f3 d5
28.Be4d3 c4
29.bxc4 bxc4
30.Bd3e4 dxe4
31.Ne2g3 Be7c5
32.Ng3xe4 Bc5xe3
33.Kh1 Rf6f5
34.Ne4g3 Rf5f7
35.Ra1e1 Be3f4
36.Ng3e4 Rf8b8
37.Re1d1 Qe6e7
38.g3 Bf4h6
39.Ne4c3 e4
40.Nc3xe4 Rf7xf3
41.Ne4f2 Rb8f8
{ resign }
0-1

[Event "Match"]
[Site "www.echecsemail.com"]
[Date "2015.07.28"]
[Round "1"]
[White "Cyrilgeorge"]
[Black "Gaspard"]
[WhiteElo "1780"]
[BlackElo "1860"]
[Result "0-1"]
[Round "1"]
1.e4 e5
2.Ng1f3 Ng8f6
3.Nf3xe5 Qd8e7
4.d4 d6
5.Ne5c4 Nf6xe4
6.Qd1e2 Nb8c6
7.c3 Bc8f5
8.Nb1d2 O-O-O
9.Nd2xe4 Qe7xe4
10.Qe2xe4 Bf5xe4
11.f3 Be4d5
12.Bc1e3 Rd8e8
13.O-O-O Bd5xc4
14.Bf1xc4 Re8xe3
15.Bc4xf7 g6
16.Rd1e1 Bf8h6
17.Re1xe3 Bh6xe3
18.Kc2 Rh8f8
19.Rh1e1 Rf8xf7
20.Re1xe3 Kd7
21.g3 Rf7e7
22.Re3xe7 Kxe7
23.Kd3 d5
24.c4 dxc4
25.Kxc4 Kd6
26.h4 a6
27.b4 b5
28.Kc3 Kd5
29.a3 Nc6xd4
30.f4 Nd4e2
31.Kd3 Ne2xg3
32.Kc3 Ng3f5
 { time }
0-1

[Event "1/16 Finale"]
[Site "www.chess-mail.com"]
[Date "2015.07.28"]
[Round "1"]
[White "Senitram"]
[Black "Chessmith19"]
[WhiteElo "2570"]
[BlackElo "2610"]
[Result "0-1"]
[Round "1"]
1.Ng1f3 Nb8c6
2.e4 e5
3.Bf1b5 a6
4.Bb5xc6 dxc6
5.O-O Bc8g4
6.d3 Qd8f6
7.Nb1d2 h6
8.h3 Bg4e6
9.b3 Ng8e7
10.Bc1b2 Ne7g6
11.d4 exd4
12.Bb2xd4 Qf6e7
13.Qd1e2 O-O-O
14.Ra1d1 f6
15.Qe2e3 Qe7f7
16.Bd4b2 b6
17.a4 a5
18.Nf3d4 Bf8c5
19.Rf1e1 Kb7
20.Nd2f3 Rh8e8
21.Nd4xe6 Bc5xe3
22.Ne6xd8 Re8xd8
23.Rd1xd8 Be3c5
24.e5 fxe5
25.Bb2xe5 Ng6xe5
26.Re1xe5 Qf7f4
27.Rd8d1 Qf4b4
28.Nf3e1 Bc5d6
29.Re5e3 Qb4a3
30.c4 Qa3b2
31.Ne1d3 Qb2a2
32.Kf1 Kc8
33.c5 Qa2xb3
34.Rd1c1 bxc5
35.Nd3xc5 Qb3f7
36.Re3f3 Qf7h5
37.Rf3c3 Bd6f4
38.Rc3f3 Bf4d6
39.Rf3c3 Qh5d5
40.Rc3d3 Qd5a2
41.Rd3c3 g5
42.Rc3c4 Bd6f4
43.Rc4c2 Qa2g8
44.Rc1e1 Bf4d6
45.Kg1 Kb8
46.Nc5d7 Ka8
47.Nd7e5 Qg8e6
48.Ne5f3 Qe6d5
49.Rc2c1 Bd6b4
50.Re1d1 Qd5a2
51.Nf3d4 c5
52.Nd4f5 Qa2xa4
53.Nf5xh6 Qa4b3
54.Nh6f5 a4
55.Rc1b1 Qb3e6
56.Nf5d4 Qe6e4
57.Nd4b5 Qe4c4
58.Nb5xc7 Kb7
59.Nc7d5 a3
60.Nd5e3 Qc4e2
61.Rb1c1 a2
62.g3 Kc6
63.Kg2 Kb5
64.Rd1d8 Qe2b2
65.Rd8d1 Bb4c3
66.Ne3c2 Ka4
67.Nc2e3 Qb2b7
68.Kh2 Bc3d4
69.Rc1c4 Kb5
{ resign }
0-1

[Event "Tourn. n8304"]
[Site "www.chess-mail.com"]
[Date "2015.07.29"]
[Round "1"]
[White "Bojan"]
[Black "Pipas"]
[WhiteElo "1890"]
[BlackElo "1670"]
[Result "1-0"]
[Round "1"]
1.e4 e5
2.Ng1f3 Nb8c6
3.d4 d5
4.exd5 Qd8xd5
5.Nb1c3 Qd5d8
6.dxe5 Qd8xd1
7.Kxd1 Bc8e6
8.Bc1g5 Bf8e7
9.Bg5xe7 Ng8xe7
10.a3 Ne7g6
11.Bf1d3 Ng6xe5
12.Nf3xe5 Nc6xe5
13.Bd3e4 c6
14.h3 O-O
15.b3 Ra8d8
16.Ke2 Rd8d4
17.Ra1d1  { time }
1-0

[Event "Tourn. n8272"]
[Site "www.chess-mail.com"]
[Date "2015.07.29"]
[Round "1"]
[White "Yangqi"]
[Black "George1955"]
[WhiteElo "2350"]
[BlackElo "2670"]
[Result "1-0"]
[Round "1"]
1.c4 e5
2.Nb1c3 Ng8f6
3.g3 Bf8b4
4.Bf1g2 O-O
5.Ng1f3 Nb8c6
6.Nc3d5 e4
7.Nf3h4 d6
8.O-O g5
9.d4 h6
10.Nd5xb4 Nc6xb4
11.f3 e3
12.Bc1xe3 Rf8e8
13.Qd1d2 Nf6h7
14.Be3f2 a5
15.a3 Nb4a6
16.Kh1 gxh4
17.gxh4 Qd8f6
18.e4 Nh7f8
19.f4 Nf8e6
20.f5 Ne6d8
21.Rf1g1 Kh7
22.Bg2f3 c5
23.d5 Na6c7
24.Rg1g2 b5
25.Ra1g1 bxc4
26.h5 Nd8e6
27.dxe6 Nc7xe6
28.e5 Qf6xf5
29.Bf3xa8 Bc8d7
30.Qd2xd6 Re8xa8
31.Qd6xd7 Qf5f3
32.Bf2h4 Ra8g8
33.Qd7d1 Qf3e4
34.Qd1e1 { resign }
1-0

[Event "Tourn. n8271"]
[Site "www.chess-mail.com"]
[Date "2015.07.29"]
[Round "1"]
[White "Szustan"]
[Black "Neverless"]
[WhiteElo "2620"]
[BlackElo "2660"]
[Result "1-0"]
[Round "1"]
1.e4 c5
2.c3 Ng8f6
3.e5 Nf6d5
4.Ng1f3 Nb8c6
5.Bf1c4 Nd5b6
6.Bc4b3 c4
7.Bb3c2 Qd8c7
8.O-O Nc6xe5
9.Nf3xe5 Qc7xe5
10.Rf1e1 Qe5c7
11.Nb1a3 e6
12.Na3b5 Qc7c5
13.Nb5d4 Bf8e7
14.a4 O-O
15.d3 Nb6d5
16.dxc4 Qc5xc4
17.Nd4f5 exf5
18.Bc2b3 Qc4c7
19.Bb3xd5 Be7f6
20.a5 Ra8b8
21.Bc1e3 b6
22.axb6 axb6
23.Be3d4 Bf6xd4
24.Qd1xd4 Bc8b7
25.Ra1a7 Qc7c8
26.g3 Qc8c5
27.Qd4xc5 bxc5
28.Ra7xb7  { time }
1-0

[Event "Tourn. n8323"]
[Site "www.chess-mail.com"]
[Date "2015.07.29"]
[Round "1"]
[White "Bojan"]
[Black "Zazi"]
[WhiteElo "1890"]
[BlackElo "1630"]
[Result "1-0"]
[Round "1"]
1.e4 Nb8c6
2.Ng1f3 e5
3.d4 d6
4.d5 Nc6e7
5.c4 Ng8f6
6.Qd1c2 Bc8d7
7.Bf1d3 h6
8.Bc1e3 g5
9.h3 Bf8g7
10.c5 Ra8c8
11.Qc2c3 O-O
12.Nb1a3 dxc5
13.Be3xc5 Nf6xe4
14.Bd3xe4 f5
15.Qc3b4 Rf8e8
16.Be4c2 e4
17.Bc2b3 Bg7xb2
18.d6 Kh7
19.dxe7 Re8xe7
20.Bc5xe7 Bb2c3
21.Qb4xc3 Qd8xe7
22.Nf3e5 Bd7e8
23.Na3c4 b5
24.Nc4e3 Qe7f6
25.Ra1c1 b4
26.Qc3c5 f4
27.Ne3c4 f3
28.Nc4e3 Be8g6
29.Ne5xg6 Qf6xg6
30.Qc5f5 fxg2
31.Qf5xg6 Kxg6
32.Ne3xg2 c5
33.Ke2 a5
34.Rh1d1 a4
35.Bb3d5 h5
36.Bd5xe4 Kf6
37.Rd1d5 c4
38.Rd5d4 b3
39.axb3 cxb3
40.Rc1xc8 b2
41.Rc8c6 Ke5
42.Ke3 a3
43.Rd4d5 
1-0

[Event "Tourn. n8324"]
[Site "www.chess-mail.com"]
[Date "2015.07.29"]
[Round "1"]
[White "Bojan"]
[Black "Amaya"]
[WhiteElo "1920"]
[BlackElo "1880"]
[Result "1-0"]
[Round "1"]
1.e4 e6
2.d4 d5
3.e5 g6
4.Ng1f3 Bf8g7
5.c4 Ng8e7
6.Bc1e3 O-O
7.h4 c6
8.h5 dxc4
9.Bf1xc4 Ne7d5
10.Be3g5 f6
11.exf6 Bg7xf6
12.Qd1d2 Bf6xg5
13.Nf3xg5 Nd5f4
14.Ng5xh7 Kxh7
15.hxg6 Kxg6
16.g3 Rf8h8
17.Rh1xh8 Qd8xh8
18.Qd2xf4 Qh8h1
19.Bc4f1 Nb8a6
20.a3 Bc8d7
21.Nb1d2 Na6c7
22.Qf4xc7 Bd7e8
23.Qc7f4 c5
24.Nd2f3 Be8b5
25.Nf3e5 Kg7
26.Qf4f7 Kh8
27.Ne5g6 { resign }
1-0

[Event "Match"]
[Site "www.echecsemail.com"]
[Date "2015.07.29"]
[Round "1"]
[White "Krazy4chess"]
[Black "Glenno"]
[WhiteElo "2050"]
[BlackElo "2290"]
[Result "0-1"]
[Round "1"]
1.e4 e5
2.Ng1f3 Nb8c6
3.d4 exd4
4.Nf3xd4 Bf8c5
5.Nd4b3 Bc5b6
6.Nb1c3 d6
7.Bf1c4 Ng8f6
8.O-O O-O
9.Bc1g5 Bc8e6
10.Bc4d5 Qd8c8
11.Bg5xf6 gxf6
12.Bd5xc6 bxc6
13.Qd1f3 Be6c4
14.Rf1d1 Qc8e6
15.Nc3a4 Ra8e8
16.Na4xb6 axb6
17.Rd1e1 c5
18.Nb3d2 Bc4xa2
19.b3 Re8a8
20.Qf3c3 Qe6e5
21.Qc3f3 Qe5b2
22.Qf3d1 b5
23.Qd1c1 Qb2xc1
24.Ra1xc1 Rf8e8
25.Re1e3 Kh8
26.Nd2f3 Re8e6
27.Rc1a1 h5
28.Re3e2 d5
29.e5 fxe5
30.Re2xe5 Re6xe5
31.Nf3xe5 c4
32.Ne5xf7 Kg7
33.Nf7e5 Ra8e8
34.f4 cxb3
35.cxb3 Ba2xb3
36.Ra1a5 Bb3a4
37.Ra5a7 Re8e7
38.Ne5c6 Re7e1
39.Kf2 Re1c1
40.Nc6d4 Kh6
41.Ra7a6 Kh7
42.Ra6a7 Kg8
43.Nd4e6 c6
44.f5 Rc1c2
45.Kf3 Rc2a2
46.Ra7g7 Kh8
47.Kf4 Ra2e2
48.Rg7e7 Re2f2
49.Ke5 Ba4c2
50.f6 Rf2f5
{ resign }
0-1

[Event "Match"]
[Site "www.echecsemail.com"]
[Date "2015.07.29"]
[Round "1"]
[White "Mdesouza"]
[Black "Ericleo1980"]
[WhiteElo "2210"]
[BlackElo "1809"]
[Result "0-1"]
[Round "1"]
1.e4 c5
2.Ng1f3 d6
3.d4 cxd4
4.Nf3xd4 Ng8f6
5.Nb1c3 a6
6.Bc1e3 e6
7.f3 b5
8.Qd1d2 Bc8b7
9.g4 Nf6d7
10.O-O-O Nd7b6
11.h4 b4
12.Nc3e2 Nb8d7
13.Qd2xb4 d5
14.Qb4a5 dxe4
15.Bf1g2 Nb6c4
16.Qa5xd8 Ra8xd8
17.Be3f2 Nd7e5
18.fxe4 Ne5xg4
19.Bf2g1 Ng4e3
20.Bg1xe3 Nc4xe3
21.Bg2f3 Ne3xd1
22.Rh1xd1 e5
23.Nd4f5 Rd8xd1
24.Kxd1 g6
25.Nf5e3 f5
26.Ne2c3 Bf8e7
27.Ne3g2 Kd7
28.Ke2 Be7b4
29.Ke3 Bb4xc3
30.bxc3 Rh8c8
{ resign }
0-1

[Event "Tourn. n8293"]
[Site "www.chess-mail.com"]
[Date "2015.07.30"]
[Round "1"]
[White "Rons"]
[Black "Greghghs"]
[WhiteElo "2540"]
[BlackElo "2380"]
[Result "1-0"]
[Round "1"]
1.e4 c5
2.Ng1f3 d6
3.d4 cxd4
4.Nf3xd4 Ng8f6
5.Nb1c3 Nb8c6
6.Bc1g5 Bc8d7
7.Qd1d2 Ra8c8
8.O-O-O Qd8a5
9.Nd4b3 Qa5c7
10.f4 a6
11.Bg5xf6 gxf6
12.Nc3d5 Qc7d8
13.Qd2e3 Bf8h6
14.Kb1 O-O
15.a3 Kh8
16.Bf1e2 Rf8g8
17.g3 b5
18.Nd5b6 Rc8c7
19.h4 Bd7e6
20.Nb6d5 Be6xd5
21.exd5 Nc6e5
22.Nb3d4 Qd8d7
23.Qe3e4 Ne5g4
24.Be2d3 f5
25.Qe4f3 { resign }
1-0

[Event "Tourn. n8303"]
[Site "www.chess-mail.com"]
[Date "2015.07.30"]
[Round "1"]
[White "Xkafi"]
[Black "Panham"]
[WhiteElo "1960"]
[BlackElo "1980"]
[Result "0-1"]
[Round "1"]
1.e4 e6
2.d4 d5
3.e5 c5
4.Ng1f3 Nb8c6
5.Bf1b5 Bc8d7
6.Nb1c3 Qd8b6
7.Bc1e3 a6
8.Bb5xc6 Bd7xc6
9.b3 cxd4
10.Nf3xd4 Bf8b4
11.Qd1d3 Bc6d7
12.O-O Qb6c7
13.Nc3e2 Ng8e7
14.Be3g5 Ne7g6
15.Ra1c1 Qc7xe5
16.Bg5e3 O-O
17.Nd4f3 Qe5c7
18.c4 dxc4
19.Rc1xc4 Bd7b5
20.Rc4xc7 Bb5xd3
21.Nf3d4 Bd3e4
22.Rf1c1 Bb4d6
23.Rc7c3 b5
24.f3 Be4d5
25.Be3g5 h6
26.Bg5e3 Bd6a3
27.Rc1c2 Ba3b4
28.Rc3c7 Bb4d6
29.Rc7d7 Bd6e5
30.Ne2g3 Rf8d8
31.Rd7xd8 Ra8xd8
32.Ng3e2 Ng6e7
33.Ne2g3 Bd5b7
34.Nd4e2 Ne7d5
35.Be3c1 Nd5b4
36.Rc2c5 Rd8d1
37.Ng3f1 Be5b8
38.Bc1a3 Nb4xa2
39.Rc5c2 b4
40.Rc2xa2 Bb8a7
41.Ne2d4 Ba7xd4
42.Ra2f2 Bd4xf2
43.Kxf2 Rd1xf1
44.Kxf1 bxa3
{ resign }
0-1

[Event "Tourn. n8308"]
[Site "www.chess-mail.com"]
[Date "2015.07.30"]
[Round "1"]
[White "Silent1"]
[Black "Bojan"]
[WhiteElo "1960"]
[BlackElo "1890"]
[Result "1/2-1/2"]
[Round "1"]
1.d4 g6
2.e3 d5
3.c4 Nb8c6
4.Ng1f3 dxc4
5.Bf1xc4 e6
6.a3 a6
7.Nb1c3 Bc8d7
8.Bc1d2 Ng8f6
9.O-O Bf8d6
10.h3 Nc6a5
11.Bc4a2 h6
12.b4 Na5c6
13.Ba2c4 b5
14.Bc4d3 Nf6h7
15.e4 g5
16.e5 Nc6e7
17.exd6 cxd6
18.Bd3xh7 Rh8xh7
19.Bd2e3 Bd7c6
20.g4 Ne7d5
21.Nc3xd5 Bc6xd5
22.Nf3d2 Ke7
23.Ra1c1 f6
24.f4 Qd8b6
25.Qd1e1 Ra8e8
26.Rc1c3 Kd7
27.Qe1f2 Re8f8
28.f5 Ke7
29.fxe6 Bd5xe6
30.d5 Qb6b7
31.Rf1c1 Qb7xd5
32.Rc3c7 Be6d7
33.Rc1e1 Kd8
34.Be3b6 Bd7c6
35.Rc7xh7 Kc8
36.Qf2f5 Kb8
37.Rh7b7 Kxb7
38.Qf5xd5 Bc6xd5
39.Bb6d4 Kc6
40.Kf2 f5
41.gxf5 Rf8xf5
42.Kg3 Rf5f4
43.Re1c1 Kd7
44.Bd4b2 h5
45.Rc1f1 h4
46.Kh2 Ke6
47.Rf1xf4 gxf4
48.Kg1 Bd5c6
49.Kf2 Bc6d5
50.Nd2f3 Bd5xf3
51.Kxf3 Kf5
52.Bb2c3 d5
53.Bc3b2 { draw }
1/2-1/2

[Event "Tourn. n8300"]
[Site "www.chess-mail.com"]
[Date "2015.07.30"]
[Round "1"]
[White "Culiflori"]
[Black "A27l"]
[WhiteElo "999"]
[BlackElo "1130"]
[Result "1-0"]
[Round "1"]
1.e4 e5
2.Ng1f3 d6
3.d4 Nb8c6
4.dxe5 dxe5
5.Qd1xd8 Nc6xd8
6.Nf3xe5 Bc8e6
7.Nb1c3 Bf8b4
8.Bc1d2 Bb4xc3
9.Bd2xc3 Nd8c6
10.Bf1b5 Ng8e7
11.Ne5xc6 bxc6
12.Bb5a4 O-O
13.Bc3b4 Ne7g6
14.Bb4xf8 Ra8xf8
15.Ba4xc6  { time }
1-0

[Event "Tourn. n8310"]
[Site "www.chess-mail.com"]
[Date "2015.07.30"]
[Round "1"]
[White "Bojan"]
[Black "Jjmcbride"]
[WhiteElo "1890"]
[BlackElo "1890"]
[Result "0-1"]
[Round "1"]
1.e4 e5
2.Ng1f3 d6
3.h3 c5
4.Nb1c3 Ng8f6
5.Bf1d3 Bc8e6
6.Nf3g5 Qd8d7
7.Qd1e2 h6
8.Bd3b5 Nb8c6
9.Nc3d5 Nf6xd5
10.Ng5xe6 Qd7xe6
11.Bb5c4 Nd5f4
12.Bc4xe6 Nf4xe2
13.Be6xf7 Kxf7
14.Kxe2 Ra8d8
15.c3 d5
16.f3 d4
17.Rh1e1 d3
18.Ke3 c4
19.b3 Bf8c5
{ resign }
0-1

[Event "Tourn. n8306"]
[Site "www.chess-mail.com"]
[Date "2015.07.30"]
[Round "1"]
[White "Bojan"]
[Black "Ericleo1980"]
[WhiteElo "1890"]
[BlackElo "1809"]
[Result "0-1"]
[Round "1"]
1.e4 c5
2.Ng1f3 d6
3.d4 cxd4
4.Nf3xd4 Ng8f6
5.Nb1c3 a6
6.Bc1g5 e6
7.Qd1f3 Nb8d7
8.Bf1e2 Qd8a5
9.O-O Qa5xg5
10.Be2d3 Nd7e5
11.Qf3e2 Ne5xd3
12.cxd3 b5
13.Nd4f3 Qg5h5
14.h3 Bc8b7
15.Qe2e3 Nf6d7
16.Nc3e2 Bf8e7
17.Nf3h2 O-O
18.Ra1c1 Rf8c8
19.Ne2f4 Qh5g5
20.g3 e5
21.Nf4e2 Qg5xe3
22.fxe3 Rc8xc1
23.Rf1xc1 Ra8c8
24.Rc1b1 Rc8c2
25.Kf2 Nd7c5
26.Nh2g4 h5
27.Ng4h2 Nc5xd3
28.Kf3 f5
{ resign }
0-1

[Event "Tourn. n8293"]
[Site "www.chess-mail.com"]
[Date "2015.07.30"]
[Round "1"]
[White "Greghghs"]
[Black "Nimzo"]
[WhiteElo "2380"]
[BlackElo "2720"]
[Result "1/2-1/2"]
[Round "1"]
1.e4 c5
2.c3 Ng8f6
3.e5 Nf6d5
4.Ng1f3 Nb8c6
5.Bf1c4 Nd5b6
6.Bc4b3 c4
7.Bb3c2 Qd8c7
8.Qd1e2 g5
9.h3 Bf8g7
10.O-O Nc6xe5
11.Nf3xg5 h6
12.Ng5f3 d6
13.a4 Ne5xf3
14.Qe2xf3 Bc8e6
15.d4 Qc7c6
{ draw }
1/2-1/2

[Event "Tourn. n8315"]
[Site "www.chess-mail.com"]
[Date "2015.07.30"]
[Round "1"]
[White "Raulazo"]
[Black "Orae"]
[WhiteElo "1889"]
[BlackElo "1969"]
[Result "1-0"]
[Round "1"]
1.e4 e5
2.Ng1f3 Nb8c6
3.Bf1c4 h6
4.c3 Ng8f6
5.Qd1b3 Qd8e7
6.O-O Nf6xe4
7.Rf1e1 Ne4c5
8.Qb3c2 d6
9.d4 Nc5d7
10.dxe5 dxe5
11.Bc1f4 b6
12.Nb1a3 g5
13.Bf4d2 Bc8b7
14.Na3b5 Qe7d8
15.Qc2f5 Nc6e7
16.Qf5xf7 
1-0

[Event "Tourn. n8229"]
[Site "www.chess-mail.com"]
[Date "2015.07.30"]
[Round "1"]
[White "Falcoale"]
[Black "Hundegana"]
[WhiteElo "1820"]
[BlackElo "1930"]
[Result "1-0"]
[Round "1"]
1.e4 c5
2.Ng1f3 d6
3.Bf1c4 e6
4.d4 Ng8f6
5.dxc5 Qd8a5
6.Bc1d2 Qa5xc5
7.Bc4d3 a6
8.O-O Bf8e7
9.h3 h6
10.Nb1c3 Bc8d7
11.a3 Qc5c8
12.Qd1c1 Nb8c6
13.Nc3a4 Be7d8
14.Na4c3 e5
15.Nc3e2 Bd8b6
16.c3 Qc8c7
17.Bd2e3 Bb6xe3
18.Qc1xe3 O-O
19.Nf3d2 b5
20.f4 Ra8e8
21.f5 Nf6h7
22.Rf1f3 f6
23.Rf3g3 Kh8
24.Nd2f1 Re8e7
25.Nf1h2 Bd7e8
26.Nh2g4 Qc7a7
27.Qe3xa7 Re7xa7
28.Ng4e3 Nc6e7
29.a4 bxa4
30.Ne3c4 Ne7c8
31.h4 Be8b5
32.Ra1d1 Rf8d8
33.Nc4a5 Ra7c7
34.c4 Bb5e8
35.Ne2c3 Nc8e7
36.Rd1a1 Nh7f8
37.Nc3xa4 Be8xa4
38.Ra1xa4 Rd8b8
39.b4 Nf8d7
40.b5 axb5
41.cxb5 Rc7c1
42.Kh2 Nd7c5
43.Ra4a3 Nc5xd3
44.Rg3xd3 Rb8xb5
45.Na5b3 Rc1c6
46.Ra3a7 Ne7g8
47.Nb3a5 Rc6b6
48.Na5c4 Rb6c6
49.Nc4e3 Rb5b4
50.Ra7a8 Rb4xe4
51.g3 Kh7
52.Kh3 Ng8e7
53.Ra8d8 Re4d4
54.Rd3a3 g6
55.Rd8d7 gxf5
56.Ne3xf5 Rd4d1
57.Rd7xe7 Kg6
58.g4 Rd1h1
59.Kg2 Rh1xh4
60.Re7g7 { resign }
1-0

[Event "Tourn. n8287"]
[Site "www.chess-mail.com"]
[Date "2015.07.30"]
[Round "1"]
[White "Manolinex"]
[Black "Asoka"]
[WhiteElo "2700"]
[BlackElo "2640"]
[Result "1-0"]
[Round "1"]
1.e4 c5
2.Ng1f3 e6
3.d4 cxd4
4.Nf3xd4 Ng8f6
5.Nb1c3 d6
6.Bc1e3 a6
7.Bf1e2 Bf8e7
8.O-O O-O
9.f4 Qd8c7
10.g4 d5
11.exd5 Nf6xd5
12.Nc3xd5 exd5
13.Be2f3 Rf8e8
14.Qd1d2 Nb8c6
15.c3 Bc8d7
16.Ra1d1 Ra8d8
17.Nd4c2 Bd7e6
18.b3 Be7f6
19.f5 Be6c8
20.g5 Bf6e5
21.Qd2f2 Be5xc3
22.Be3b6 Qc7e5
23.g6 hxg6
24.fxg6 Qe5g5
25.Kh1 Qg5xg6
26.Bb6xd8 Nc6xd8
27.Nc2e3 d4
28.Ne3d5 Bc8h3
29.Rf1g1 Qg6h6
30.Bf3e4 Kh8
31.Qf2f3 Bc3d2
32.Rd1xd2 Qh6xd2
33.Qf3xh3 Qd2h6
34.Qh3xh6 gxh6
35.Nd5f6 Re8f8
36.Rg1d1 Kg7
37.Nf6h5 Kg8
38.Rd1xd4 Nd8e6
39.Rd4d7 Ne6c5
40.Nh5f6 Kg7
41.Rd7c7 Kxf6
42.Rc7xc5 { resign }
1-0

[Event "Tourn. n8313"]
[Site "www.chess-mail.com"]
[Date "2015.07.30"]
[Round "1"]
[White "Bigoak"]
[Black "Xkafi"]
[WhiteElo "1910"]
[BlackElo "1960"]
[Result "1-0"]
[Round "1"]
1.e4 e5
2.Ng1f3 Qd8f6
3.Nb1c3 c6
4.Bf1c4 Bf8c5
5.d3 h6
6.Bc1e3 Bc5xe3
7.fxe3 d6
8.O-O a5
9.a3 Qf6g6
10.Nf3h4 Qg6g5
11.Bc4xf7 Kd8
12.Qd1e1 Ng8e7
13.Nh4f3 Qg5g4
14.Nc3e2 Rh8f8
15.Bf7a2 Rf8f6
16.Qe1g3 Rf6g6
17.Ra1e1 Qg4h5
18.Qg3f2 Bc8h3
19.Ne2g3 Qh5g4
20.gxh3 Qg4xh3
21.d4 Nb8d7
22.Qf2g2 Qh3xg2
23.Kxg2 Nd7f6
24.Ba2f7 Rg6g4
25.h3 Rg4xg3
26.Kxg3 Nf6xe4
27.Kh2 Kc7
28.dxe5 dxe5
29.Nf3xe5 Ne4g5
30.Re1e2 Ra8f8
31.Re2f2 Ng5e4
32.Rf2f4 Ne4c5
33.Bf7c4 Rf8xf4
34.Rf1xf4 Kd6
35.Ne5d3 Nc5a4
36.Rf4f7 g6
37.Rf7f6 Kd7
38.Bc4e6 Ke8
39.Be6f7 Kd8
40.Bf7xg6 Ne7d5
41.Rf6f8 Ke7
42.Rf8e8 Kf6
43.Bg6h5 Kg5
44.Bh5g4 Nd5f6
45.Re8e5 Kh4
46.Re5xa5 b5
47.b3 Na4c3
48.Ra5a6 { resign }
1-0

[Event "Tourn. n8324"]
[Site "www.chess-mail.com"]
[Date "2015.07.30"]
[Round "1"]
[White "Vogue"]
[Black "Bojan"]
[WhiteElo "1809"]
[BlackElo "1920"]
[Result "1-0"]
[Round "1"]
1.c4 g6
2.d4 Bf8g7
3.Nb1c3 c6
4.Bc1d2 d5
5.Qd1c1 dxc4
6.Ng1f3 a6
7.e4 b5
8.a4 Bc8b7
9.Bf1e2 Nb8d7
10.O-O Ng8f6
11.e5 Nf6d5
12.b3 Nd7b6
13.bxc4 Nd5c7
14.Ra1b1 c5
15.dxc5 Nb6xa4
16.Nc3xa4 Bb7c6
17.Na4b6 Ra8a7
18.Rf1d1 Nc7e6
19.cxb5 axb5
20.Be2xb5 Bc6xb5
21.Rb1xb5 Qd8c7
22.c6 O-O
23.Nb6d5 Qc7c8
24.Bd2e3 Ra7c7
25.Nd5xc7 Ne6xc7
26.Rb5b7 f6
27.Rd1d7 Nc7e6
28.Qc1c4 Kh8
29.Qc4xe6 fxe5
30.Qe6xe7 Rf8g8
31.Nf3xe5 Qc8a8
32.Ne5f7 { resign }
1-0

[Event "Tourn. n8321"]
[Site "www.chess-mail.com"]
[Date "2015.07.30"]
[Round "1"]
[White "Fangshuo"]
[Black "Xkafi"]
[WhiteElo "2090"]
[BlackElo "2010"]
[Result "0-1"]
[Round "1"]
1.e4 e5
2.Ng1f3 Qd8f6
3.Nb1c3 c6
4.d4 d6
5.Bc1g5 Qf6g6
6.dxe5 Bc8g4
7.Bg5h4 Nb8d7
8.Qd1d2 dxe5
9.Bf1e2 f6
10.Qd2e3 Bf8c5
11.Qe3d2 Ra8d8
12.O-O-O Ng8e7
13.Be2c4 b5
14.Bc4b3 Bc5b6
15.Nc3e2 Qg6xe4
16.Qd2c3 Bg4xf3
17.Qc3xf3 Qe4xh4
18.Ne2g3 Nd7c5
19.Ng3f5 Rd8xd1
20.Rh1xd1 Nc5xb3
21.axb3 Qh4g5
22.Kb1 Ne7xf5
23.Qf3xc6 Kf7
24.Rd1d7 Kg6
25.g3 Bb6xf2
26.Qc6xb5 Nf5d4
27.Qb5b7 Kh6
28.Rd7xg7 Qg5xg7
{ resign }
0-1

[Event "Match"]
[Site "www.echecsemail.com"]
[Date "2015.07.30"]
[Round "1"]
[White "Harrytheking"]
[Black "Irene"]
[WhiteElo "1770"]
[BlackElo "1970"]
[Result "0-1"]
[Round "1"]
1.c4 e5
2.e4 Ng8f6
3.Nb1c3 Bf8b4
4.a3 Bb4c5
5.Ng1h3 d6
6.Bf1e2 Bc8xh3
7.gxh3 Qd8d7
8.Nc3a4 Qd7xh3
9.Na4xc5 dxc5
10.Be2f1 Qh3h4
 { time }
0-1